000 00885nam a2200253Ia 4500
001 15651
003 GE_BSU
008 181216s||||||||xx |||||||||||||| ||und||
020 _a99928-52-54-2
040 _cGE_BSU
080 _a821.353.1-32 + 821.353.1-2
100 _aბუღაძე, ლაშა
245 _aსაუკუნის მკვლელობა
245 _bმოთხრობები, პიესები
245 _cყდის დიზაინი ირაკლი ვარვარიძე
260 _aთბილისი
260 _bბაკურ სულაკაურის გამ-ბა
260 _c2000
300 _a115გვ. ; 16სმ.
541 _h4ლ.
653 _aმოთხრობები, პიესები
653 _aსაუკუნის მკვლელობა
942 _cBK
999 _c48750
_d48750